Just Following Orders: A Meta-Analysis of the Correlates of American Police Officer Use of Force Decisions
A substantial amount of research has been conducted to identify the most influential predictors of police use of force decisions. Attempts to summarize this research, however, have so far been primarily limited to narrative literature reviews. While these works are important contributions, they are...
| Main Author: | |
|---|---|
| Format: | Electronic Article |
| Language: | English |
| Published: |
2015
|
| In: |
American journal of criminal justice
Year: 2015, Volume: 40, Issue: 3, Pages: 466-492 |
| Online Access: |
Volltext (lizenzpflichtig) Volltext (lizenzpflichtig) |
| Check availability: | HBZ Gateway |
| Keywords: |
MARC
| LEADER | 00000caa a22000002c 4500 | ||
|---|---|---|---|
| 001 | 1764201469 | ||
| 003 | DE-627 | ||
| 005 | 20251205205438.0 | ||
| 007 | cr uuu---uuuuu | ||
| 008 | 210723s2015 xx |||||o 00| ||eng c | ||
| 024 | 7 | |a 10.1007/s12103-014-9278-y |2 doi | |
| 035 | |a (DE-627)1764201469 | ||
| 035 | |a (DE-599)KXP1764201469 | ||
| 040 | |a DE-627 |b ger |c DE-627 |e rda | ||
| 041 | |a eng | ||
| 084 | |a 2,1 |2 ssgn | ||
| 100 | 1 | |a Bolger, P. Colin |e VerfasserIn |4 aut | |
| 109 | |a Bolger, P. Colin |a Bolger, Philip | ||
| 245 | 1 | 0 | |a Just Following Orders: A Meta-Analysis of the Correlates of American Police Officer Use of Force Decisions |
| 264 | 1 | |c 2015 | |
| 336 | |a Text |b txt |2 rdacontent | ||
| 337 | |a Computermedien |b c |2 rdamedia | ||
| 338 | |a Online-Ressource |b cr |2 rdacarrier | ||
| 520 | |a A substantial amount of research has been conducted to identify the most influential predictors of police use of force decisions. Attempts to summarize this research, however, have so far been primarily limited to narrative literature reviews. While these works are important contributions, they are unable to ensure objectivity during their assessment of the status of the use of force empirical literature. This study improves upon prior research by using the meta-analytic method to identify the key correlates of police decisions to use force. This analysis identifies encounter characteristics as the category of variables that is most strongly correlated with use of force decisions, but also point to a strong localization effect. These findings therefore suggest that the primary focus for future theories of use of force decisions should be on what happens during the encounter, and adequate research syntheses will only be made possible when the number of datasets used to examine use of force decision-making is increased. | ||
| 650 | 4 | |a Force | |
| 650 | 4 | |a Decision-making | |
| 650 | 4 | |a Meta-analysis | |
| 650 | 4 | |a Police | |
| 773 | 0 | 8 | |i Enthalten in |t American journal of criminal justice |d New York, NY [u.a.] : Springer, 1975 |g 40(2015), 3, Seite 466-492 |h Online-Ressource |w (DE-627)545782163 |w (DE-600)2387971-3 |w (DE-576)306834987 |x 1936-1351 |7 nnas |
| 773 | 1 | 8 | |g volume:40 |g year:2015 |g number:3 |g pages:466-492 |
| 787 | 0 | 8 | |i Forschungsdaten |a Mastrofski, Stephen D. |t Project on Policing Neighborhoods in Indianapolis, Indiana, and St. Petersburg, Florida, 1996-1997 |d [Erscheinungsort nicht ermittelbar] : [Verlag nicht ermittelbar], 2002 |w (DE-627)1840057246 |
| 787 | 0 | 8 | |i Forschungsdaten |a Alpert, Geoffrey P. |t Police Use of Force in Metro-Dade, Florida, and Eugene and Springfield, Oregon, 1993-1995 |d [Erscheinungsort nicht ermittelbar] : [Verlag nicht ermittelbar], 2001 |w (DE-627)1840060662 |
| 787 | 0 | 8 | |i Forschungsdaten |a Garner, Joel H. |t Understanding the Use of Force By and Against the Police in Six Jurisdictions in the United States, 1996-1997 |d [Erscheinungsort nicht ermittelbar] : [Verlag nicht ermittelbar], 2001 |w (DE-627)1840060646 |
| 787 | 0 | 8 | |i Forschungsdaten |a Ostrom, Elinor |t Police Services Study, Phase II, 1977: Rochester, St. Louis, and St. Petersburg |d [Erscheinungsort nicht ermittelbar] : [Verlag nicht ermittelbar], 1987 |w (DE-627)1840060980 |
| 787 | 0 | 8 | |i Forschungsdaten |a United States Department of Justice. Office of Justice Programs. Bureau of Justice Statistics |t Police-Public Contact Survey, 1999: (United States) |d [Erscheinungsort nicht ermittelbar] : [Verlag nicht ermittelbar], 2001 |w (DE-627)1840067101 |
| 787 | 0 | 8 | |i Forschungsdaten |a Garner, Joel H. |t Phoenix (Arizona) Use of Force Project, June 1994 |d [Erscheinungsort nicht ermittelbar] : [Verlag nicht ermittelbar], 1996 |w (DE-627)1840063033 |
| 856 | 4 | 0 | |u http://link.springer.com/openurl/fulltext?id=doi:10.1007/s12103-014-9278-y |x Verlag |z lizenzpflichtig |3 Volltext |7 1 |
| 856 | 4 | 0 | |u https://doi.org/10.1007/s12103-014-9278-y |x Resolving-System |z lizenzpflichtig |3 Volltext |7 1 |
| 889 | |w (DE-627)1912601990 | ||
| 935 | |a mkri | ||
| 951 | |a AR | ||
| ELC | |a 1 | ||
| LOK | |0 000 xxxxxcx a22 zn 4500 | ||
| LOK | |0 001 3957025982 | ||
| LOK | |0 003 DE-627 | ||
| LOK | |0 004 1764201469 | ||
| LOK | |0 005 20251205122407 | ||
| LOK | |0 008 210723||||||||||||||||ger||||||| | ||
| LOK | |0 035 |a (DE-2619)KrimDok#2021-07-22#F1B0ADC38B3E116C1BE9FCBF584DBBCB9C9EA2EB | ||
| LOK | |0 035 |a (DE-2619)ICPSR143291 | ||
| LOK | |0 040 |a DE-2619 |c DE-627 |d DE-2619 | ||
| LOK | |0 092 |o n | ||
| LOK | |0 852 |a DE-2619 | ||
| LOK | |0 852 1 |9 00 | ||
| LOK | |0 935 |a zota |a nacp | ||
| LOK | |0 939 |a 23-07-21 |b l01 | ||
| ORI | |a SA-MARC-krimdoka001.raw | ||
